00673nam a2200241 a 4500001001300000003000900013005001700022008004100039020001000080082001300090100001900103245004600122260003200168300000900200500003500209505001000244650001200254700001900266902000800285942000700293952011400300999001700414nice12345678IN_TiNIC20260116013812.0050524s1968 lona grp 000 0 eng  ac10000a264bJON aJones, Richard aWorship for Todayb Suggestions and Ideas aLondonbEpworth Pressc1968 a155p aincludes index and biblioraphy2 aIndex aLiturgy1 aJones, Richard bSRS cBK 001040708StackRoom-aHMIbHMId2007-10-05g100.00l0o264 JONp016055r2007-10-05v100.00w2005-05-24yBK c12579d12579